000 00306nam a22001337a 4500
008 260212b ||||| |||| 00| 0 eng d
020 _a9789606930133
041 _aital
080 _a0.2
100 _a20
101 _aital
245 _aMiustero in Via Dei Tulipani
_cCinzia Medaglia
942 _2lcc
_cBK
999 _c60791
_d60791